00568nam a2200169 a 450000500170000000800410001702000180005805000260007610000180010224500670012026000450018730000070023244000230023952000710026265000330033365000320036620140412111410.0070214s19uu xx 00 eng d a983-187-214-2 aTR(GS 428.4bM11 2004 aMah, May S.M. aCat on the mat & Dan and nan, Series 1 book 1 /cMay S.M. Mah. aMalaysia :bRhythm publishing co,c2004. a24 aPhonics in reading aThe pre - reading practice introduces new words before the stories aPhonetics-- Englisg language aReading -- English language